Obtención de alcohol etílico a partir de los subproductos del beneficiado de café

Збережено в:
Бібліографічні деталі
Автор: Villalobos Villalobos, Ana
Формат: Книга
Опубліковано: [San José , Costa Rica] 1985
Предмети:
Теги: Додати тег
Немає тегів, Будьте першим, хто поставить тег для цього запису!

MARC

LEADER 00000nam a2200000Ia 4500
003 002701
005 20221231144405.0
008 140114s1985 c a m 000 ||s d
040 |c cru CEDI 
090 |a TFG 1628 
100 |a Villalobos Villalobos, Ana  |9 14669 
245 |a Obtención de alcohol etílico a partir de los subproductos del beneficiado de café 
260 |c 1985  |a [San José , Costa Rica] 
300 |a  vii, 64 hojas : ilustraciones ; 27 cm  
500 |a  Proyecto de graduación (licenciatura en ingeniería química)-- Universidad de Costa Rica. Facultad de Ingeniería. Escuela de Ingeniería Química 
650 |x PULPA DE CAFE - INVESTIGACIONES   |x ALCOHOL  |9 14670 
942 |c TFG 
999 |c 21181  |d 21181